[Event "XXVII MISTRZOSTWA WOJEWÓDZTWA PODLASKIEGO JUNIOREK DO LAT 14 - D14"]
[Site "Białystok, Poland"]
[Date "2025.05.31"]
[Round "5.2"]
[White "Panasiewicz, Natalia"]
[Black "Kaczan, Anna"]
[Result "0-1"]
[WhiteElo "1431"]
[BlackElo "1494"]

1. e4 {[%clk 00:30:57]} {[%emt 00:00:03]} c5 {[%clk 00:30:49]} {[%emt
00:00:11]} 2. Nf3 {[%clk 00:31:19]} {[%emt 00:00:07]} d6 {[%clk 00:31:14]}
{[%emt 00:00:06]} 3. g3 {[%clk 00:31:27]} {[%emt 00:00:22]} Nf6 {[%clk
00:31:23]} {[%emt 00:00:20]} 4. d3 {[%clk 00:31:49]} {[%emt 00:00:08]} b6
{[%clk 00:30:27]} {[%emt 00:01:26]} 5. Bg2 {[%clk 00:31:49]} {[%emt 00:00:30]}
Bb7 {[%clk 00:30:51]} {[%emt 00:00:06]} 6. O-O {[%clk 00:31:38]} {[%emt
00:00:41]} e6 {[%clk 00:31:14]} {[%emt 00:00:07]} 7. Nc3 {[%clk 00:30:44]}
{[%emt 00:01:24]} a6 {[%clk 00:31:18]} {[%emt 00:00:25]} 8. a3 {[%clk
00:30:24]} {[%emt 00:00:51]} Nbd7 {[%clk 00:31:28]} {[%emt 00:00:20]} 9. Re1
{[%clk 00:30:08]} {[%emt 00:00:45]} Qc7 {[%clk 00:31:34]} {[%emt 00:00:25]} 10.
d4 {[%clk 00:26:32]} {[%emt 00:04:06]} cxd4 {[%clk 00:31:38]} {[%emt 00:00:27]}
11. Qxd4 {[%clk 00:26:45]} {[%emt 00:00:16]} Be7 {[%clk 00:29:27]} {[%emt
00:02:40]} 12. e5 {[%clk 00:25:08]} {[%emt 00:02:07]} dxe5 {[%clk 00:28:54]}
{[%emt 00:01:03]} 13. Nxe5 {[%clk 00:25:11]} {[%emt 00:00:26]} Nxe5 {[%clk
00:27:01]} {[%emt 00:02:24]} 14. Bxb7 {[%clk 00:23:56]} {[%emt 00:01:45]} Qxb7
{[%clk 00:27:17]} {[%emt 00:00:13]} 15. Qxe5 {[%clk 00:24:19]} {[%emt
00:00:08]} O-O {[%clk 00:26:39]} {[%emt 00:01:07]} 16. Bf4 {[%clk 00:20:20]}
{[%emt 00:04:30]} Rfd8 {[%clk 00:25:07]} {[%emt 00:01:58]} 17. Rad1 {[%clk
00:19:54]} {[%emt 00:01:00]} Rxd1 {[%clk 00:21:46]} {[%emt 00:03:51]} 18. Rxd1
{[%clk 00:20:22]} {[%emt 00:00:02]} Rc8 {[%clk 00:21:46]} {[%emt 00:00:24]} 19.
Rd2 {[%clk 00:14:34]} {[%emt 00:06:24]} Bc5 {[%clk 00:19:24]} {[%emt 00:02:50]}
20. Na4 {[%clk 00:09:28]} {[%emt 00:05:39]} Be7 {[%clk 00:14:09]} {[%emt
00:05:42]} 21. Nc3 {[%clk 00:09:32]} {[%emt 00:00:28]} b5 {[%clk 00:14:09]}
{[%emt 00:00:29]} 22. Qd4 {[%clk 00:07:00]} {[%emt 00:03:01]} Qc6 {[%clk
00:13:23]} {[%emt 00:01:13]} 23. Bd6 {[%clk 00:05:32]} {[%emt 00:02:03]} Rd8
{[%clk 00:12:52]} {[%emt 00:01:00]} 24. Bxe7 {[%clk 00:04:14]} {[%emt
00:01:50]} Rxd4 {[%clk 00:12:36]} {[%emt 00:00:45]} 25. Rxd4 {[%clk 00:04:43]}
{[%emt 00:00:02]} h6 {[%clk 00:11:08]} {[%emt 00:01:56]} 26. Bxf6 {[%clk
00:04:01]} {[%emt 00:01:13]} gxf6 {[%clk 00:11:32]} {[%emt 00:00:07]} 27. Rg4+
{[%clk 00:03:15]} {[%emt 00:01:14]} Kf8 {[%clk 00:10:04]} {[%emt 00:01:56]} 28.
Rd4 {[%clk 00:02:28]} {[%emt 00:01:21]} f5 {[%clk 00:08:38]} {[%emt 00:01:53]}
29. Rd3 {[%clk 00:01:42]} {[%emt 00:01:18]} Ke7 {[%clk 00:08:33]} {[%emt
00:00:34]} 30. Rd4 {[%clk 00:02:04]} {[%emt 00:00:10]} Qc5 {[%clk 00:08:30]}
{[%emt 00:00:29]} 31. Rf4 {[%clk 00:00:48]} {[%emt 00:01:50]} Qe5 {[%clk
00:08:37]} {[%emt 00:00:17]} 32. Kf1 {[%clk 00:00:48]} {[%emt 00:00:35]} a5
{[%clk 00:08:16]} {[%emt 00:00:50]} 33. Rh4 {[%clk 00:00:41]} {[%emt 00:00:38]}
Qc5 {[%clk 00:06:52]} {[%emt 00:01:46]} 34. Rf4 {[%clk 00:00:31]} {[%emt
00:00:49]} b4 {[%clk 00:06:16]} {[%emt 00:01:05]} 35. axb4 {[%clk 00:00:47]}
{[%emt 00:00:15]} axb4 {[%clk 00:06:39]} {[%emt 00:00:06]} 36. Na4 {[%clk
00:00:53]} {[%emt 00:00:24]} Qb5+ {[%clk 00:06:24]} {[%emt 00:00:40]} 37. Kg2
{[%clk 00:00:37]} {[%emt 00:00:51]} Qxa4 {[%clk 00:06:45]} {[%emt 00:00:09]} 38.
b3 {[%clk 00:00:50]} {[%emt 00:00:17]} Qc6+ {[%clk 00:07:06]} {[%emt 00:00:06]}
39. Kh3 {[%clk 00:01:08]} {[%emt 00:00:15]} Qxc2 {[%clk 00:06:59]} {[%emt
00:00:37]} 40. Rxb4 {[%clk 00:01:36]} {[%emt 00:00:02]} Qxf2 {[%clk 00:07:02]}
{[%emt 00:00:27]} 41. Rb7+ {[%clk 00:01:40]} {[%emt 00:00:26]} Kf6 {[%clk
00:07:25]} {[%emt 00:00:07]} 42. b4 {[%clk 00:02:02]} {[%emt 00:00:08]} Kg5
{[%clk 00:07:30]} {[%emt 00:00:16]} 43. Rxf7 {[%clk 00:02:14]} {[%emt
00:00:27]} Qf1# {[%clk 00:07:52]} {[%emt 00:00:06]} 0-1

[Event "XXVII MISTRZOSTWA WOJEWÓDZTWA PODLASKIEGO JUNIOREK DO LAT 14 - D14"]
[Site "Białystok, Poland"]
[Date "2025.05.31"]
[Round "5.3"]
[White "Racis, Weronika"]
[Black "Wasilewska, Natalia"]
[Result "1-0"]
[WhiteElo "1771"]
[BlackElo "1403"]

1. d4 {[%clk 00:30:58]} {[%emt 00:00:01]} d5 {[%clk 00:30:54]} {[%emt
00:00:07]} 2. Nf3 {[%clk 00:31:19]} {[%emt 00:00:08]} Nc6 {[%clk 00:31:17]}
{[%emt 00:00:08]} 3. c4 {[%clk 00:31:43]} {[%emt 00:00:06]} dxc4 {[%clk
00:31:32]} {[%emt 00:00:15]} 4. Nc3 {[%clk 00:31:57]} {[%emt 00:00:16]} Nf6
{[%clk 00:30:54]} {[%emt 00:01:08]} 5. Bg5 {[%clk 00:31:10]} {[%emt 00:01:17]}
Bg4 {[%clk 00:29:44]} {[%emt 00:01:40]} 6. e3 {[%clk 00:31:30]} {[%emt
00:00:10]} e6 {[%clk 00:29:05]} {[%emt 00:01:10]} 7. Bxc4 {[%clk 00:31:48]}
{[%emt 00:00:11]} Bb4 {[%clk 00:28:03]} {[%emt 00:01:33]} 8. O-O {[%clk
00:31:54]} {[%emt 00:00:24]} Bxc3 {[%clk 00:27:52]} {[%emt 00:00:41]} 9. bxc3
{[%clk 00:32:23]} {[%emt 00:00:01]} O-O {[%clk 00:28:01]} {[%emt 00:00:21]} 10.
Rb1 {[%clk 00:31:02]} {[%emt 00:01:50]} Rb8 {[%clk 00:27:07]} {[%emt 00:01:26]}
11. Re1 {[%clk 00:29:38]} {[%emt 00:01:53]} Bxf3 {[%clk 00:19:36]} {[%emt
00:08:01]} 12. Qxf3 {[%clk 00:29:26]} {[%emt 00:00:42]} e5 {[%clk 00:18:39]}
{[%emt 00:01:27]} 13. Bb5 {[%clk 00:24:42]} {[%emt 00:05:13]} Qd6 {[%clk
00:16:00]} {[%emt 00:03:07]} 14. Bxc6 {[%clk 00:19:16]} {[%emt 00:05:59]} bxc6
{[%clk 00:15:50]} {[%emt 00:00:41]} 15. dxe5 {[%clk 00:18:41]} {[%emt
00:01:04]} Rxb1 {[%clk 00:15:25]} {[%emt 00:00:55]} 16. Rxb1 {[%clk 00:18:46]}
{[%emt 00:00:25]} Qxe5 {[%clk 00:15:45]} {[%emt 00:00:10]} 17. Bxf6 {[%clk
00:18:51]} {[%emt 00:00:26]} Qxf6 {[%clk 00:14:58]} {[%emt 00:01:17]} 18. Qxf6
{[%clk 00:19:14]} {[%emt 00:00:07]} gxf6 {[%clk 00:15:25]} {[%emt 00:00:03]} 19.
Kf1 {[%clk 00:18:16]} {[%emt 00:01:28]} Rd8 {[%clk 00:15:06]} {[%emt 00:00:49]}
20. Ke2 {[%emt 00:02:01]} Rd5 {[%clk 00:14:12]} 21. c4 {[%clk 00:14:47]} {[%emt
00:03:51]} Ra5 {[%clk 00:13:48]} {[%emt 00:00:54]} 22. Rb2 {[%clk 00:15:11]}
{[%emt 00:00:07]} Ra3 {[%clk 00:13:15]} {[%emt 00:01:03]} 23. Rc2 {[%clk
00:14:56]} {[%emt 00:00:43]} Kf8 {[%clk 00:13:08]} {[%emt 00:00:39]} 24. Kf3
{[%clk 00:15:10]} {[%emt 00:00:15]} Ke7 {[%clk 00:13:22]} {[%emt 00:00:17]} 25.
Ke4 {[%clk 00:13:54]} {[%emt 00:01:44]} Ke6 {[%clk 00:13:10]} {[%emt 00:00:44]}
26. Rd2 {[%clk 00:13:31]} {[%emt 00:00:52]} f5+ {[%clk 00:12:39]} {[%emt
00:01:02]} 27. Kd4 {[%clk 00:13:31]} {[%emt 00:00:28]} Ra5 {[%clk 00:07:58]}
{[%emt 00:05:13]} 28. c5 {[%clk 00:12:27]} {[%emt 00:01:33]} Ra4+ {[%clk
00:07:43]} {[%emt 00:00:45]} 29. Kc3 {[%clk 00:12:02]} {[%emt 00:00:55]} Ra5
{[%clk 00:06:01]} {[%emt 00:02:13]} 30. Kb4 {[%clk 00:11:53]} {[%emt 00:00:37]}
Rb5+ {[%clk 00:06:13]} {[%emt 00:00:20]} 31. Kc4 {[%clk 00:12:05]} {[%emt
00:00:14]} a5 {[%clk 00:05:48]} {[%emt 00:01:00]} 32. a3 {[%clk 00:11:33]}
{[%emt 00:01:00]} Rb1 {[%clk 00:05:21]} {[%emt 00:00:54]} 33. Rc2 {[%clk
00:10:14]} {[%emt 00:01:52]} Ra1 {[%clk 00:04:26]} {[%emt 00:01:25]} 34. Kb3
{[%clk 00:09:49]} {[%emt 00:00:54]} Rb1+ {[%clk 00:04:33]} {[%emt 00:00:25]} 35.
Kc4 {[%clk 00:09:13]} {[%emt 00:01:06]} Ra1 {[%clk 00:04:38]} {[%emt 00:00:26]}
36. Kb3 {[%clk 00:02:56]} {[%emt 00:06:47]} Rb1+ {[%clk 00:02:24]} {[%emt
00:02:44]} 37. Ka4 {[%clk 00:01:40]} {[%emt 00:01:46]} Rb5 {[%clk 00:02:36]}
{[%emt 00:00:18]} 38. Rc4 {[%clk 00:01:49]} {[%emt 00:00:20]} Kd5 {[%clk
00:02:19]} {[%emt 00:00:47]} 39. Rh4 {[%clk 00:02:10]} {[%emt 00:00:09]} Rxc5
{[%clk 00:02:38]} {[%emt 00:00:12]} 40. Rxh7 {[%clk 00:02:29]} {[%emt
00:00:11]} Ke6 {[%clk 00:01:48]} {[%emt 00:01:20]} 41. h4 {[%clk 00:02:48]}
{[%emt 00:00:09]} Kf6 {[%clk 00:02:05]} {[%emt 00:00:14]} 42. h5 {[%clk
00:02:38]} {[%emt 00:00:40]} Rd5 {[%clk 00:01:38]} {[%emt 00:00:58]} 43. Rh6+
{[%clk 00:02:37]} {[%emt 00:00:29]} Kg5 {[%clk 00:01:28]} {[%emt 00:00:41]} 44.
Rxc6 {[%clk 00:03:02]} {[%emt 00:00:06]} Kxh5 {[%clk 00:01:50]} {[%emt
00:00:07]} 45. Rxc7 {[%clk 00:03:23]} {[%emt 00:00:09]} f6 {[%clk 00:01:14]}
{[%emt 00:01:06]} 46. Rb7 {[%clk 00:02:54]} {[%emt 00:00:58]} Rd2 {[%clk
00:01:01]} {[%emt 00:00:45]} 47. Kxa5 {[%clk 00:02:53]} {[%emt 00:00:31]} Rd5+
{[%clk 00:00:43]} {[%emt 00:00:47]} 48. Rb5 {[%clk 00:02:48]} {[%emt 00:00:35]}
Re5 {[%clk 00:00:41]} {[%emt 00:00:32]} 49. Rxe5 {[%clk 00:03:09]} {[%emt
00:00:08]} fxe5 {[%clk 00:01:07]} {[%emt 00:00:04]} 50. Kb5 {[%clk 00:03:31]}
{[%emt 00:00:08]} f4 {[%clk 00:00:58]} {[%emt 00:00:40]} 51. exf4 {[%clk
00:03:54]} {[%emt 00:00:06]} exf4 {[%clk 00:01:23]} {[%emt 00:00:05]} 52. a4
{[%clk 00:04:13]} {[%emt 00:00:12]} Kg4 {[%clk 00:01:32]} {[%emt 00:00:20]} 53.
a5 {[%clk 00:04:35]} {[%emt 00:00:08]} f3 {[%clk 00:01:56]} {[%emt 00:00:06]}
54. gxf3+ {[%clk 00:05:00]} {[%emt 00:00:05]} Kxf3 {[%clk 00:02:20]} {[%emt
00:00:06]} 55. a6 {[%clk 00:05:24]} {[%emt 00:00:06]} Kxf2 {[%clk 00:02:47]}
{[%emt 00:00:03]} 56. a7 {[%clk 00:05:47]} {[%emt 00:00:06]} Ke3 {[%clk
00:03:09]} {[%emt 00:00:07]} 57. a8=Q {[%clk 00:06:11]} {[%emt 00:00:08]} Kf4
{[%clk 00:03:27]} {[%emt 00:00:11]} 58. Qe8 {[%clk 00:06:34]} {[%emt 00:00:06]}
Kf3 {[%clk 00:03:47]} {[%emt 00:00:11]} 59. Qe5 {[%clk 00:06:59]} {[%emt
00:00:05]} Kf2 {[%clk 00:04:08]} {[%emt 00:00:09]} 60. Kc4 {[%clk 00:07:24]}
{[%emt 00:00:06]} Kf1 {[%clk 00:04:28]} {[%emt 00:00:10]} 61. Qh2 {[%clk
00:07:46]} {[%emt 00:00:07]} Ke1 {[%clk 00:04:53]} {[%emt 00:00:06]} 62. Kd3
{[%clk 00:08:07]} {[%emt 00:00:08]} Kf1 {[%clk 00:05:17]} {[%emt 00:00:06]} 63.
Ke3 {[%clk 00:08:31]} {[%emt 00:00:07]} Ke1 {[%clk 00:05:39]} {[%emt 00:00:08]}
64. Qe2# {[%clk 00:08:55]} {[%emt 00:00:05]} 1-0

[Event "XXVII MISTRZOSTWA WOJEWÓDZTWA PODLASKIEGO JUNIOREK DO LAT 14 - D14"]
[Site "Białystok, Poland"]
[Date "2025.05.31"]
[Round "6.1"]
[White "Kaczan, Anna"]
[Black "Racis, Weronika"]
[Result "0-1"]
[WhiteElo "1494"]
[BlackElo "1771"]

1. e4 {[%clk 00:30:57]} {[%emt 00:00:02]} e6 {[%clk 00:30:49]} {[%emt
00:00:11]} 2. d4 {[%clk 00:31:22]} {[%emt 00:00:06]} d5 {[%clk 00:31:14]}
{[%emt 00:00:05]} 3. Nc3 {[%clk 00:31:48]} {[%emt 00:00:05]} Nf6 {[%clk
00:31:38]} {[%emt 00:00:05]} 4. Bg5 {[%clk 00:32:10]} {[%emt 00:00:08]} Bb4
{[%clk 00:31:54]} {[%emt 00:00:14]} 5. e5 {[%clk 00:30:44]} {[%emt 00:01:56]}
h6 {[%clk 00:32:19]} {[%emt 00:00:06]} 6. Bxf6 {[%clk 00:30:59]} {[%emt
00:00:14]} gxf6 {[%clk 00:32:37]} {[%emt 00:00:12]} 7. Nf3 {[%clk 00:30:40]}
{[%emt 00:00:49]} c5 {[%clk 00:29:56]} {[%emt 00:03:11]} 8. Be2 {[%clk
00:29:14]} {[%emt 00:01:56]} Nc6 {[%clk 00:29:42]} {[%emt 00:00:44]} 9. O-O
{[%clk 00:28:01]} {[%emt 00:01:43]} cxd4 {[%clk 00:27:39]} {[%emt 00:02:33]} 10.
Nxd4 {[%clk 00:25:25]} {[%emt 00:03:06]} fxe5 {[%clk 00:26:05]} {[%emt
00:02:04]} 11. Nxc6 {[%clk 00:25:46]} {[%emt 00:00:09]} bxc6 {[%clk 00:26:24]}
{[%emt 00:00:11]} 12. a3 {[%clk 00:25:21]} {[%emt 00:00:56]} Bc5 {[%clk
00:24:25]} {[%emt 00:02:28]} 13. Na4 {[%clk 00:23:16]} {[%emt 00:02:35]} Bb6
{[%clk 00:23:58]} {[%emt 00:00:57]} 14. Bh5 {[%clk 00:23:17]} {[%emt 00:00:29]}
Qf6 {[%clk 00:22:35]} {[%emt 00:01:51]} 15. Nxb6 {[%clk 00:23:32]} {[%emt
00:00:17]} axb6 {[%clk 00:22:56]} {[%emt 00:00:09]} 16. c3 {[%clk 00:23:04]}
{[%emt 00:00:57]} Rg8 {[%clk 00:22:07]} {[%emt 00:01:19]} 17. Re1 {[%clk
00:20:48]} {[%emt 00:02:45]} Qg5 {[%clk 00:20:49]} {[%emt 00:01:49]} 18. Qf3
{[%clk 00:20:25]} {[%emt 00:00:53]} Rg7 {[%clk 00:19:13]} {[%emt 00:02:07]} 19.
h4 {[%clk 00:18:03]} {[%emt 00:02:52]} Qf4 {[%clk 00:15:46]} {[%emt 00:03:57]}
20. g3 {[%clk 00:14:01]} {[%emt 00:04:31]} Qxf3 {[%clk 00:15:54]} {[%emt
00:00:23]} 21. Bxf3 {[%clk 00:14:25]} {[%emt 00:00:07]} e4 {[%clk 00:16:16]}
{[%emt 00:00:07]} 22. Bh5 {[%clk 00:14:24]} {[%emt 00:00:31]} Ba6 {[%clk
00:15:32]} {[%emt 00:01:15]} 23. Re3 {[%clk 00:13:49]} {[%emt 00:01:04]} Ke7
{[%clk 00:12:07]} {[%emt 00:03:34]} 24. Kh2 Rag8 {[%clk 00:10:38]} {[%emt
00:04:48]} 25. Rg1 f5 {[%emt 00:03:03]} 26. f4 {[%emt 00:03:21]} c5 {[%clk
00:07:12]} {[%emt 00:06:33]} 27. Rd1 Bd3 {[%emt 00:02:03]} 28. Rdxd3 {[%clk
00:03:13]} {[%emt 00:00:35]} exd3 {[%clk 00:07:17]} {[%emt 00:00:25]} 29. Rxd3
{[%emt 00:02:14]} Ra8 {[%clk 00:05:16]} {[%emt 00:00:23]} 30. Bf3 Ra4 {[%emt
00:01:23]} 31. Re3 {[%clk 00:03:10]} {[%emt 00:00:32]} Kf6 {[%emt 00:00:41]} 32.
Kh3 {[%clk 00:02:54]} {[%emt 00:00:42]} d4 {[%clk 00:04:35]} {[%emt 00:01:04]}
33. cxd4 {[%clk 00:02:51]} {[%emt 00:00:37]} cxd4 {[%clk 00:03:35]} {[%emt
00:01:29]} 34. Rb3 {[%clk 00:03:07]} {[%emt 00:00:12]} Rc4 {[%clk 00:01:32]}
{[%emt 00:02:33]} 35. Rxb6 {[%clk 00:03:19]} {[%emt 00:00:20]} Rd7 {[%clk
00:01:41]} {[%emt 00:00:20]} 36. Bc6 {[%clk 00:02:20]} {[%emt 00:01:31]} Rd6
{[%clk 00:01:47]} {[%emt 00:00:24]} 37. Bb5 {[%clk 00:02:16]} {[%emt 00:00:33]}
Rxb6 {[%clk 00:02:07]} {[%emt 00:00:10]} 38. Bxc4 {[%clk 00:02:40]} {[%emt
00:00:06]} Rxb2 {[%clk 00:02:31]} {[%emt 00:00:07]} 39. a4 {[%clk 00:02:51]}
{[%emt 00:00:19]} Rb4 {[%clk 00:02:44]} {[%emt 00:00:14]} 40. Bb5 {[%clk
00:03:09]} {[%emt 00:00:13]} e5 {[%clk 00:02:59]} {[%emt 00:00:15]} 41. fxe5+
{[%clk 00:03:31]} {[%emt 00:00:10]} Kxe5 {[%clk 00:03:22]} 42. h5 {[%emt
00:00:15]} Rxb5 43. axb5 d3 44. b6 Kd6 45. b7 {[%clk 00:03:52]} Kc7 {[%clk
00:02:07]} 46. Kg2 {[%clk 00:04:28]} {[%emt 00:03:25]} d2 {[%clk 00:03:44]}
{[%emt 00:00:06]} 47. Kf2 {[%clk 00:04:54]} {[%emt 00:00:04]} d1=Q {[%clk
00:04:05]} {[%emt 00:00:09]} 0-1

[Event "XXVII MISTRZOSTWA WOJEWÓDZTWA PODLASKIEGO JUNIOREK DO LAT 14 - D14"]
[Site "Białystok, Poland"]
[Date "2025.05.31"]
[Round "6.2"]
[White "Barszczewska, Nadia"]
[Black "Panasiewicz, Natalia"]
[Result "1/2-1/2"]
[WhiteElo "1429"]
[BlackElo "1431"]

1. e4 {[%clk 00:30:58]} {[%emt 00:00:01]} e6 {[%clk 00:30:58]} {[%emt
00:00:02]} 2. d4 {[%clk 00:31:19]} {[%emt 00:00:09]} d5 {[%clk 00:31:25]}
{[%emt 00:00:04]} 3. e5 {[%clk 00:31:41]} {[%emt 00:00:07]} c5 {[%clk
00:31:44]} {[%emt 00:00:11]} 4. c3 {[%clk 00:32:04]} {[%emt 00:00:07]} Nc6
{[%clk 00:32:07]} {[%emt 00:00:08]} 5. Nf3 {[%clk 00:32:26]} {[%emt 00:00:07]}
Bd7 {[%clk 00:32:31]} {[%emt 00:00:07]} 6. Be3 {[%clk 00:31:47]} {[%emt
00:01:08]} cxd4 {[%clk 00:31:35]} {[%emt 00:01:26]} 7. cxd4 {[%clk 00:32:05]}
{[%emt 00:00:11]} Qb6 {[%clk 00:32:00]} {[%emt 00:00:06]} 8. Qb3 {[%clk
00:30:10]} {[%emt 00:02:25]} Bb4+ {[%clk 00:31:02]} {[%emt 00:01:28]} 9. Nc3
{[%clk 00:30:01]} {[%emt 00:00:38]} Ba5 {[%clk 00:31:03]} {[%emt 00:00:31]} 10.
Qxb6 {[%clk 00:30:09]} {[%emt 00:00:22]} Bxb6 {[%clk 00:31:31]} {[%emt
00:00:02]} 11. a3 {[%clk 00:29:50]} {[%emt 00:00:49]} Nge7 {[%clk 00:31:43]}
{[%emt 00:00:18]} 12. Bb5 {[%clk 00:30:09]} {[%emt 00:00:10]} a6 {[%clk
00:30:12]} {[%emt 00:02:01]} 13. Bxc6 {[%clk 00:30:30]} {[%emt 00:00:09]} Nxc6
{[%clk 00:30:38]} {[%emt 00:00:04]} 14. O-O {[%clk 00:30:46]} {[%emt 00:00:14]}
O-O {[%clk 00:30:44]} {[%emt 00:00:25]} 15. h3 {[%clk 00:25:58]} {[%emt
00:05:18]} Ba7 {[%clk 00:26:58]} {[%emt 00:04:16]} 16. Rfe1 {[%clk 00:25:37]}
{[%emt 00:00:49]} Rac8 {[%clk 00:26:54]} {[%emt 00:00:35]} 17. Rad1 {[%clk
00:24:50]} {[%emt 00:01:17]} Na5 {[%clk 00:25:55]} {[%emt 00:01:30]} 18. Nd2
{[%clk 00:24:43]} {[%emt 00:00:36]} b5 {[%clk 00:25:13]} {[%emt 00:01:12]} 19.
Rc1 {[%clk 00:24:08]} {[%emt 00:01:05]} Nc4 {[%clk 00:25:09]} {[%emt 00:00:34]}
20. Nxc4 {[%clk 00:24:26]} {[%emt 00:00:10]} bxc4 {[%clk 00:25:38]} {[%emt
00:00:03]} 21. Rc2 {[%clk 00:21:49]} {[%emt 00:03:04]} Rc7 {[%clk 00:23:55]}
{[%emt 00:02:16]} 22. Ree2 {[%clk 00:18:53]} {[%emt 00:03:25]} Rfc8 {[%clk
00:23:27]} {[%emt 00:00:58]} 23. g4 {[%clk 00:17:29]} {[%emt 00:01:55]} Bb6
{[%clk 00:22:36]} {[%emt 00:01:22]} 24. Kg2 {[%clk 00:16:50]} {[%emt 00:01:09]}
Ba5 {[%clk 00:22:52]} {[%emt 00:00:14]} 25. f4 {[%clk 00:16:42]} {[%emt
00:00:37]} g6 {[%clk 00:22:55]} {[%emt 00:00:27]} 26. Bd2 {[%clk 00:16:50]}
{[%emt 00:00:22]} Rb7 {[%clk 00:19:51]} {[%emt 00:03:35]} 27. Kg3 {[%clk
00:13:35]} {[%emt 00:03:45]} Rcb8 {[%clk 00:19:57]} {[%emt 00:00:24]} 28. Be1
{[%clk 00:13:50]} {[%emt 00:00:14]} Rb3 {[%clk 00:16:15]} {[%emt 00:04:12]} 29.
Kg2 {[%clk 00:13:25]} {[%emt 00:00:55]} Kg7 {[%emt 00:02:35]} 30. g5 {[%clk
00:13:31]} {[%emt 00:00:18]} Bxc3 {[%clk 00:13:17]} {[%emt 00:01:29]} 31. Bxc3
{[%clk 00:13:52]} {[%emt 00:00:09]} Ba4 {[%emt 00:00:06]} 32. Rcd2 {[%clk
00:13:55]} {[%emt 00:00:25]} R3b5 {[%clk 00:13:05]} {[%emt 00:01:09]} 33. Kg3
{[%clk 00:14:08]} {[%emt 00:00:15]} Bb3 {[%clk 00:13:33]} {[%emt 00:00:04]} 34.
h4 {[%clk 00:14:25]} {[%emt 00:00:13]} Ba2 {[%clk 00:13:18]} {[%emt 00:00:45]}
35. Rf2 {[%clk 00:14:03]} {[%emt 00:00:51]} Bb1 {[%clk 00:13:32]} {[%emt
00:00:17]} 36. Kh2 {[%clk 00:14:14]} {[%emt 00:00:18]} a5 {[%clk 00:13:05]}
{[%emt 00:00:57]} 37. Kg3 {[%clk 00:14:38]} {[%emt 00:00:06]} Bd3 {[%clk
00:12:36]} {[%emt 00:00:56]} 38. Kh2 {[%clk 00:14:52]} {[%emt 00:00:20]} a4
{[%clk 00:12:08]} {[%emt 00:00:58]} 39. Kg3 {[%clk 00:15:16]} {[%emt 00:00:05]}
Rb3 {[%clk 00:12:34]} {[%emt 00:00:04]} 40. Kh2 {[%clk 00:15:32]} {[%emt
00:00:15]} h6 {[%clk 00:08:30]} {[%emt 00:04:34]} 41. Rd1 {[%clk 00:15:25]}
{[%emt 00:00:36]} Rh8 {[%clk 00:08:14]} {[%emt 00:00:46]} 42. Kg3 {[%clk
00:15:22]} {[%emt 00:00:33]} Be4 {[%clk 00:08:32]} {[%emt 00:00:13]} 43. Rc1
{[%clk 00:15:06]} {[%emt 00:00:46]} Rbb8 {[%clk 00:08:36]} {[%emt 00:00:24]} 44.
Rh2 {[%clk 00:13:41]} {[%emt 00:01:53]} Bf5 {[%clk 00:06:36]} {[%emt 00:02:33]}
45. Rhh1 {[%clk 00:12:46]} {[%emt 00:01:25]} Rh7 {[%clk 00:06:59]} {[%emt
00:00:08]} 46. Rh2 {[%clk 00:12:58]} {[%emt 00:00:18]} Rbh8 {[%clk 00:07:17]}
{[%emt 00:00:12]} 47. Bb4 {[%clk 00:11:11]} {[%emt 00:02:17]} Re8 {[%clk
00:06:56]} {[%emt 00:00:50]} 48. Bc3 {[%clk 00:10:44]} {[%emt 00:00:57]} h5
{[%clk 00:06:25]} {[%emt 00:01:01]} 49. Rf2 {[%clk 00:10:16]} {[%emt 00:00:58]}
1/2-1/2